Every Team to play in the Premier League - Statistics

General Stats
  • This quiz has been taken 17 times
  • The average score is 33 of 51
Answer Stats
Location Football Club % Correct
London Arsenal
93%
Bournmouth Bournemouth
93%
Liverpool Liverpool
93%
Barnsley Barnsley
87%
Blackpool Blackpool
87%
Manchester Manchester City
87%
Stretford Manchester United
87%
Newcastle Upon Tyne Newcastle United
87%
Birmingham Aston Villa
80%
Birmingham Birmingham City
80%
Blackburn Blackburn Rovers
80%
Cardiff Cardiff City
80%
West London Chelsea
80%
Sunderland Sunderland
80%
Swansea Swansea City
80%
Watford Watford
80%
Bolton Bolton Wanderers
73%
Bradford Bradford City
73%
Derby Derby County
73%
Liverpool Everton
73%
Ipswich Ipswich Town
73%
Leeds Leeds United
73%
West London Brentford
67%
Burnley Burnley
67%
Huddersfield Huddersfield Town
67%
Leicester Leicester City
67%
Norwich Norwich City
67%
Portsmouth Portsmouth
67%
Sheffield Sheffield United
67%
Southampton Southampton
67%
East London West Ham United
67%
South London Crystal Palace
60%
Luton Luton Town
60%
West Bromwich West Bromwich Albion
60%
Wolverhampton Wolverhampton Wanderers
60%
Brighton Brighton & Hove Albion
53%
Coventry Coventry City
53%
West London Fulham
53%
Middlesbrough Middlesbrough
53%
Reading Reading
53%
Stoke on Trent Stoke City
53%
Swindon Swindon Town
53%
London Tottenham Hotspur
53%
Kingston Upon Hull Hull City
47%
Sheffield Sheffield Wednesday
47%
Wigan Wigan Athletic
40%
London Queens Park Rangers
33%
South London Charlton Athletic
27%
Oldham Oldham Athletic
27%
West Bridgford Nottingham Forest
20%
London Wimbeldon
7%
No matching quizzes found
Score Distribution
Percent of People with Each Score
Percentile by Number Answered
Your Score History
You have not taken this quiz